Online
Catalog

Dominicanas ejemplares: (Record no. 54143)

MARC details
000 -CABECERA
campo de control de longitud fija 02105nam a22002897a 4500
003 - IDENTIFICADOR DEL NÚMERO DE CONTROL
campo de control DO-SdBNP
005 - FECHA Y HORA DE LA ÚLTIMA TRANSACCIÓN
campo de control 20230711093759.0
006 - CÓDIGOS DE INFORMACIÓN DE LONGITUD FIJA--CARACTERÍSTICAS DEL MATERIAL ADICIONAL
campo de control de longitud fija a||||gr|||| 00| 0
007 - CAMPO FIJO DE DESCRIPCIÓN FÍSICA--INFORMACIÓN GENERAL
campo de control de longitud fija ta
008 - DATOS DE LONGITUD FIJA--INFORMACIÓN GENERAL
campo de control de longitud fija 230710e2010 dr aoc|| |||| 00| e spa d
020 ## - NÚMERO INTERNACIONAL ESTÁNDAR DEL LIBRO
Número Internacional Estándar del Libro 139781456426200
020 ## - NÚMERO INTERNACIONAL ESTÁNDAR DEL LIBRO
Número Internacional Estándar del Libro 101456426206
040 ## - FUENTE DE LA CATALOGACIÓN
Centro catalogador/agencia de origen DO-SdBNP
Lengua de catalogación spa
Centro/agencia transcriptor BNPHU
Normas de descripción rda
082 #4 - NÚMERO DE LA CLASIFICACIÓN DECIMAL DEWEY
Número de edición 22
Número de documento/Ítem E77
100 1# - ENTRADA PRINCIPAL--NOMBRE DE PERSONA
Nombre de persona Espinola, Ramón Emilio
9 (RLIN) 76287
245 10 - MENCIÓN DE TÍTULO
Título Dominicanas ejemplares:
Resto del título estudio histórico-biográfico y breve análisis del machismo en la historia. /
Mención de responsabilidad, etc. Ramón Emilio Espínola
264 #1 - PRODUCCIÓN, PUBLICACIÓN, DISTRIBUCIÓN, FABRICACIÓN Y COPYRIGHT
Producción, publicación, distribución, fabricación y copyright Estados Unidos de América :
Nombre del de productor, editor, distribuidor, fabricante [sin editora],
Fecha de producción, publicación, distribución, fabricación o copyright ©2010
300 ## - DESCRIPCIÓN FÍSICA
Extensión 252 páginas :
Otras características físicas Ilustraciones, fotografías, retratos ;
Dimensiones 23 cm
336 ## - TIPO DE CONTENIDO
Fuente rdaconten
Término de tipo de contenido texto
Código de tipo de contenido txt
337 ## - TIPO DE MEDIO
Fuente rdamedia
Nombre/término del tipo de medio sin medición
Código del tipo de medio n
338 ## - TIPO DE SOPORTE
Fuente rdacarrier
Nombre/término del tipo de soporte volumen
Código del tipo de soporte nc
500 ## - NOTA GENERAL
Nota general Incluye bibliografía y notas al pie de páginas.
504 ## - NOTA DE BIBLIOGRAFÍA, ETC.
Nota de bibliografía, etc. Bibliografía: páginas 251 - 252
505 ## - NOTA DE CONTENIDO CON FORMATO
Nota de contenido con formato Unas palabras introductorias.
Información miscelánea El machismo como actitud represiva.-- El machismo en las sociedades islámica.-- Las verdaderas enseñanzas de Mahoma.-- Conceptualización sobre el machismo.--Historia.-- Desarrollo del machismo.
-- Dominicanas ejemplares.
Título María Nicolás Billini.-- Rosa Duarte.-- María Baltazar de los Reyes.-- María de la Concepción.-- Bona y Hernández.-- Josefa Antonia Pérez de la Paz.--Antera Mota Mercedes Mota.-- Petronila Gau.
Información miscelánea La Sublevación de Sabaneta.
Título Josefina Bueno y Petronila Hernández.-- Virginia Hernández.-- Juana de la Mercedes Trinidad.
Información miscelánea Batalla del 30 de marzo.
Título María Trinidad Sánchez.-- Socorro Sánchez.-- Las Villa.-- Julia Cobier.
Información miscelánea Carta de Jamaica.
Título Ambrosia Ercilia Estrella.-- Ana Emilia Abigail Mejía Solier.
Información miscelánea El impacto del feminismo.-- En las sociedades occidentales.
Título Froilana Febles de Rivera.-- Anacaona Moscoso Puello-- Andrea Evangelina Perozo.
Información miscelánea La primera médico dominicana.
Título Salomé Ureña.-- Florina soriano Muñoz.-- Asela Mercedes Morel Pérez.-- Minerva Mirabal.
Información miscelánea Expediciones Armadas de junio de 1959.-- Bibliografía y obras consulltadas.
590 ## - NOTA LOCAL (RLIN)
Nota local Inventariado 2023 / MF
942 ## - ELEMENTOS DE PUNTO DE ACCESO ADICIONAL (KOHA)
Fuente del sistema de clasificación o colocación Dewey Decimal Classification
Tipo de ítem Koha Libro
Holdings
Estado de retiro Estado de pérdida Fuente del sistema de clasificación o colocación Restricciones de uso No para préstamo Código de colección Localización permanente Ubicación/localización actual Ubicación en estantería Fecha de adquisición Fuente de adquisición Total de préstamos Signatura topográfica completa Código de barras Fecha visto por última vez Precio válido a partir de Tipo de ítem Koha
    Dewey Decimal Classification Excluido de préstamo   Patrimonio Dominicano Biblioteca Nacional Pedro Henríquez Ureña Biblioteca Nacional Pedro Henríquez Ureña En catalogación 09.02.2022 Donado por Víctor Hugo   E77 2023-4786 10.07.2023 10.07.2023 Libro

Powered by Koha